000 00306nam a2200109 4500
008 160702b xxu||||| |||| 00| 0 eng d
100 _91906
_a Roy, S., et al
245 _aShort Stories for Children
260 _aN.D
_b Children Book Trust
_c1982
300 _aShort Stories for Children
942 _2ddc
_cBK
999 _c1608
_d1608